000
00336 a2200109 4500
001
ART_10185
005
20260410161848.0
008
260409a
245
1
0
_a
Sustitución de importaciones y formación de capital
100
1
_a
Petrecolla, Alberto
773
0
_t
Económica
_g
- Año XVI, Nº1 (ene./abr. 1970)
_w
REV7541
999
_c
24722
_d
24722